The Australian balance of payment 1928-29 to 1948-49 (Record no. 512417)
[ view plain ]
| 000 -LEADER | |
|---|---|
| fixed length control field | 00723nam a2200229Ia 4500 |
| 003 - CONTROL NUMBER IDENTIFIER | |
| control field | OSt |
| 005 - DATE AND TIME OF LATEST TRANSACTION | |
| control field | 20220925185837.0 |
| 008 - FIXED-LENGTH DATA ELEMENTS--GENERAL INFORMATION | |
| fixed length control field | 220923b |||||||| |||| 00| 0 eng d |
| 037 ## - SOURCE OF ACQUISITION | |
| Terms of availability | General Book |
| 040 ## - CATALOGING SOURCE | |
| Original cataloging agency | RTL |
| Transcribing agency | RTL |
| Language of cataloging | eng |
| 041 ## - LANGUAGE CODE | |
| Source of code | eng |
| Language code of text/sound track or separate title | eng |
| 110 ## - MAIN ENTRY--CORPORATE NAME | |
| Corporate name or jurisdiction name as entry element | AUSTRALIA, CENSUS AND STAISTICS (Commonwealth Bureau of-) |
| 9 (RLIN) | 236052 |
| 245 #4 - TITLE STATEMENT | |
| Title | The Australian balance of payment 1928-29 to 1948-49 |
| 260 ## - PUBLICATION, DISTRIBUTION, ETC. | |
| Place of publication, distribution, etc. | Australia |
| Name of publisher, distributor, etc. | Canberra |
| Date of publication, distribution, etc. | 1950 |
| 300 ## - PHYSICAL DESCRIPTION | |
| Extent | 105p |
| Dimensions | cm. |
| 700 ## - ADDED ENTRY--PERSONAL NAME | |
| Personal name | AUSTRALIA, CENSUS AND STAISTICS (Commonwealth Bureau of-) |
| 9 (RLIN) | 236053 |
| 942 ## - ADDED ENTRY ELEMENTS (KOHA) | |
| Classification part | Z8,3.N49-N28, J0 |
| Koha item type | General Books |
| Source of classification or shelving scheme | Colon Classification (CC) |
No items available.
